000 00564nam a2200205Ia 4500
005 20250508152807.0
008 008 250505s9999 xx 000 0 eng d
037 _aTextual
040 _aFEDL
_beng
_cFEDL
041 _aeng
_2eng
084 _a155.45, HER
_qFEDL
100 _aHerbert W. L.
_9762399
245 0 _aDealing with delinquents
260 _aLondon, UK
_bMethuen and Co Ltd.
_c1961
300 _a207p
650 _aChild psychology
700 _a Jarvis F. V.
_9762400
942 _cTEXL
_h155.45, HER
999 _c1338797
_d1338797